| 000 | 01046nam a22002775a 4500 | ||
|---|---|---|---|
| 003 | OSt | ||
| 005 | 20161126141157.0 | ||
| 008 | 161126s2011 ua frb 000 0 ara d | ||
| 015 |
_a2011/17413 _a2011/17414 |
||
| 020 | _a9789770468536 (مج. 1) | ||
| 020 | _a9789770468543 (مج. 2) | ||
| 040 |
_aEG-ScBUE _bara _cEG-ScBUE |
||
| 082 | 0 | 4 |
_a341 _bس ر ي _222 |
| 100 | 1 | _aسرير، جمعة سعيد. | |
| 245 | 1 | 2 |
_aمحاضرات في القانون الدولي العام / _cجمعة سعيد سرير، محمد حمد العسبلي. |
| 250 | _aط. 1. | ||
| 260 |
_aالقاهرة : _bدار النهضة العربية، _c2011. |
||
| 300 |
_a2 مج. ؛ _c24 سم. |
||
| 504 | _aيشتمل على إرجاعات ببليوجرافية. | ||
| 505 | 0 | _aمج. 1. الأسس والمبادئ -- مج. 2. أشخاص القانون الدولي العام. | |
| 650 | 7 |
_aالقانون الدولي العام. _2BUEsh |
|
| 651 | _2BUEsh | ||
| 653 |
_bLLAAWW _cNovember2016 |
||
| 700 | 1 | _aعسبلي، محمد حمد. | |
| 942 | _2ddc | ||
| 999 |
_c23335 _d23307 |
||